90% naštvaná demokracie /

Hlavní autor: Kala, Miloslav, 1963-
Jazyk: Čeština
Vydáno: Brno : Doplněk, 2005
Témata:
Externí odkaz: Digitalizovaný dokument
Fyzický popis: 126 s. ; 20 cm
Knihy
Uloženo v:
LEADER 02122nam a2200577 a 4500
001 nkc20051581888
003 CZ PrNK
005 20070103084637.0
007 ta
008 050913s2005 xr g 000 ldcze
015 |a cnb001581888 
020 |a 80-7239-183-6  |q (brož.) 
040 |a BOA001  |b cze  |d ABA001 
043 |a e-xr--- 
045 |a y0y0 
072 7 |a 323  |x Vnitropolitický vývoj, politický život  |2 Konspekt  |9 15 
080 |a 323  |2 MRF 
080 |a 36  |2 MRF 
080 |a 323.21  |2 MRF 
080 |a 328/329  |2 MRF 
080 |a (437.3)  |2 MRF 
080 |a (0:82-4)  |2 MRF 
080 |a (042.5)  |2 MRF 
100 1 |a Kala, Miloslav,  |d 1963-  |7 mzk2005304313  |4 aut 
245 1 0 |a 90% naštvaná demokracie /  |c Miloslav Kala 
246 3 |a Devadesátiprocentní naštvaná demokracie 
246 3 0 |a Naštvaná demokracie 
260 |a Brno :  |b Doplněk,  |c 2005 
300 |a 126 s. ;  |c 20 cm 
504 |a Obsahuje bibliografii 
648 7 |a od 2001  |7 ch462158  |2 czenas 
650 0 7 |a vnitřní politika  |7 ph135356  |z Česko  |2 czenas 
650 0 7 |a sociální politika  |7 ph116210  |z Česko  |2 czenas 
650 0 7 |a politická kultura  |7 ph115787  |z Česko  |2 czenas 
650 0 9 |a internal policy  |z Czechia  |2 eczenas 
650 0 9 |a social policy  |z Czechia  |2 eczenas 
650 0 9 |a political culture  |z Czechia  |2 eczenas 
651 7 |a Česko  |7 ge128065  |x společnost a politika  |2 czenas 
651 7 |a Česko  |7 ge128065  |x politika a vláda  |y 2003-  |2 czenas 
651 9 |a Czechia  |x society and politics  |2 eczenas 
651 9 |a Czechia  |x politics and government  |y 2003-  |2 eczenas 
655 7 |a úvahy  |7 fd134000  |2 czenas 
655 7 |a diskuse  |7 fd131932  |2 czenas 
655 9 |a essays  |2 eczenas 
655 9 |a discussions  |2 eczenas 
856 4 1 |u http://www.digitalniknihovna.cz/mzk/uuid/uuid:b7fbaab0-5e05-11e6-8e4e-005056827e51  |y Digitalizovaný dokument  |x NDK 
910 2 |a BOA001  |b 1-1157.016 
990 |a BK 
995 |a 01 
996 6 |b 2610259926  |c 1-1157.016  |l MZK  |r Sklad / do 1 hodiny  |n 1  |w 000790251  |u 000010  |a 1  |e BOA001  |j MZK50  |s P 
996 6 |b 2610297163  |c 1-1157.016  |l MZK  |r Sklad / do 1 hodiny  |n 9  |p kup  |w 000790251  |u 000020  |a 1  |e BOA001  |j MZK50  |s P